Zvádzaná mojím Kráľom-

Bibliographic Details
Main Author: Dendisová, Andrea (Author)
Other Authors: Hrivnáková, Alena (Photographer), Šidová, Michaela (Photographer)
Format: Book
Language:Slovak
PhysicalDescription:[44] s. fareb. fotogr. 15 cm
Published: [Námestovo Tlačiareň Kubík] c2016
ISBN:9788089602483
Edition:1. vyd.
Subjects:

MARC

LEADER 00000nam a2200000 a 4500
001 vtls011557254
003 SK-MaSNL
005 20260301104802.0
008 240318s2016 xo o g 000 0 slo
015 |a SNBA2016/07 
020 |a 9788089602483  |q (brož.) 
035 |a 0166923A-3AB8-489F-812D-720F9B0F928C 
035 |a urn:nbn:sk:snk-amtgoi 
035 |a urn:nbn:sk:snk-am00c1kk 
040 |a SNK  |b slo  |c SNK  |e AACR2 
041 0 |a slo 
044 |a xo  |c SK 
072 7 |a 27-4  |x Praktická teológia. Morálna teológia  |2 konspekt 
080 |a 27-423.79  |2 2011 
080 |a (047.31)  |2 2011 
080 |a 27-277.2  |2 2011 
100 1 |a Dendisová, Andrea  |4 aut  |9 444044 
245 1 0 |a Zvádzaná mojím Kráľom-  |c [Autor textov: Andrea Dendisová ; Autor fotografií: Alena Hrivnáková, Michaela Šidová] 
250 |a 1. vyd. 
260 |a [Námestovo  |b Tlačiareň Kubík]  |c c2016 
300 |a [44] s.  |b fareb. fotogr.  |c 15 cm 
500 |a Hrebeňová väzba 
500 |a Vydavateľské údaje podľa ISBN 
650 0 7 |a kresťanská láska  |2 SNKPH  |9 4352 
650 0 7 |a Christian love  |2 SNKPHeng  |9 332812 
650 0 7 |a biblické citáty  |2 SNKPH  |9 1914 
650 0 7 |a Biblical quotations  |2 SNKPHeng  |9 268253 
655 7 |a zápisky  |2 SNKPH  |9 331566 
655 7 |a Remarks  |2 SNKPHeng  |9 331567 
700 1 |a Hrivnáková, Alena  |4 pht  |9 444045 
700 1 |a Šidová, Michaela  |4 pht  |9 444046 
919 |a 978-80-89602-48-3 
958 |a NT 
999 |c 699136  |d 701066 
952 |a SNK  |b SNK  |y PREZ  |7 0  |p 17A1197438  |o snkSE 13175  |i snk2016/14385  |8 0  |0 0  |1 0  |4 0  |d 2016-06-02  |f 1  |l 0  |r 2026-02-23 20:52:33  |w 2026-02-23 
952 |a SNK  |b SNK  |y VYP  |7 0  |p 17A1197439  |o snkSE 13175 D1  |i snk2016/14386  |8 0  |0 0  |1 0  |4 0  |d 2016-06-02  |l 0  |r 2026-02-23 20:52:33  |w 2026-02-23